| Tag |
First Indicator |
Second Indicator |
Subfields |
| LEADER |
00000cam a2200000 4500 |
| 001 |
in00000287213 |
| 005 |
20151010084445.0 |
| 008 |
790702s1965 ii a b 00010 eng d |
| 010 |
|
|
|a sa 65009473
|
| 035 |
|
|
|a (OCoLC)05132350
|
| 035 |
|
|
|9 ABG1659AM
|
| 040 |
|
|
|a TXA
|c TXA
|d UtOrBLW
|
| 049 |
|
|
|a TXAM
|c [1322017]
|
| 090 |
|
|
|a SB320.8.I4
|b C45
|
| 100 |
1 |
|
|a Chauhan, D. V. S.
|
| 245 |
1 |
0 |
|a Vegetable production in India /
|c [by] D. V. S. Chauhan.
|
| 264 |
|
1 |
|a Agra :
|b Ram Prasad,
|c [1965]
|
| 264 |
|
4 |
|c [©1965]
|
| 300 |
|
|
|a xii, 339 pages :
|b illustrations
|
| 336 |
|
|
|a text
|b txt
|2 rdacontent
|
| 337 |
|
|
|a unmediated
|b n
|2 rdamedia
|
| 338 |
|
|
|a volume
|b nc
|2 rdacarrier
|
| 504 |
|
|
|a Includes bibliographical references.
|
| 650 |
|
0 |
|a Vegetables
|z India.
|
| 999 |
|
|
|a MARS
|
| 999 |
f |
f |
|s 6adba5df-5e08-3de6-b008-542ae32f75a2
|i b9668afb-b1a8-3b1b-a4dc-ab6b4c9e155b
|t 0
|
| 952 |
f |
f |
|p ric
|a Texas A&M University
|b Rellis Campus
|c Joint Library Facility
|d Remote Storage
|t 0
|e SB320.8.I4 C45
|h Library of Congress classification
|i unmediated -- volume
|m A14805199136
|
| 998 |
f |
f |
|a SB320.8.I4 C45
|t 0
|l Remote Storage
|